| 000 | 00747nam a2200217 a 4500 | ||
|---|---|---|---|
| 001 | 000012656 | ||
| 005 | 20240412074234.0 | ||
| 008 | 091116s1988 dr r 001 j spa d | ||
| 040 |
_aDO-SdBNP _bspa _cBNPHU |
||
| 082 |
_aRD863.44 _bM637t |
||
| 100 | 1 |
_aMilanese, Otto Oscar, _d1959- _929439 |
|
| 245 | 1 | 0 |
_aTres gotas de misericordia / _cOtto Oscar Milanese ; prólogo William Mejía. |
| 260 |
_aSanto Domingo : _bTaller, _c1988. |
||
| 300 |
_a102 p. ; _c21 cm. |
||
| 500 | _aIncluye datos biográficos del autor en la contracubierta. | ||
| 590 | _aInventariado, 2020/BT | ||
| 650 | 0 |
_aCuentos dominicanos _9176 |
|
| 650 | 0 |
_aLiteratura dominicana. _967 |
|
| 700 | 1 |
_aMejía, William, _epról. _91538 |
|
| 910 | _aValidado. Control de calidad EMS | ||
| 999 |
_c12308 _d12308 |
||